<?xml version="1.0" encoding="UTF-8"?>
<record
    xmlns:xsi="http://www.w3.org/2001/XMLSchema-instance"
    xsi:schemaLocation="http://www.loc.gov/MARC21/slim http://www.loc.gov/standards/marcxml/schema/MARC21slim.xsd"
    xmlns="http://www.loc.gov/MARC21/slim">

  <leader>02337nam a2200301   4500</leader>
  <controlfield tag="001">114641</controlfield>
  <controlfield tag="003">DR-UNIBE</controlfield>
  <controlfield tag="005">20260512145228.0</controlfield>
  <controlfield tag="008">260512b2006    sp ||||| |||| 00| 0 spa d</controlfield>
  <datafield tag="020" ind1=" " ind2=" ">
    <subfield code="a">97896410497</subfield>
  </datafield>
  <datafield tag="040" ind1=" " ind2=" ">
    <subfield code="a">BIBLIOTECA UNIBE</subfield>
    <subfield code="b">spa</subfield>
    <subfield code="c">BIBLIOTECA UNIBE</subfield>
  </datafield>
  <datafield tag="041" ind1=" " ind2=" ">
    <subfield code="a">spa</subfield>
  </datafield>
  <datafield tag="082" ind1=" " ind2=" ">
    <subfield code="2">22</subfield>
    <subfield code="a">303.625 G643f</subfield>
  </datafield>
  <datafield tag="100" ind1="1" ind2=" ">
    <subfield code="a">Gonz&#xE1;lez Calleja, Eduardo,</subfield>
    <subfield code="d">1962-</subfield>
    <subfield code="e">autor</subfield>
    <subfield code="9">204885</subfield>
  </datafield>
  <datafield tag="245" ind1="1" ind2="3">
    <subfield code="a">El fen&#xF3;meno terrorista /</subfield>
    <subfield code="c">Eduardo Gonz&#xE1;lez Calleja</subfield>
  </datafield>
  <datafield tag="260" ind1=" " ind2=" ">
    <subfield code="a">Madrid :</subfield>
    <subfield code="b">Dastin, S.L.,</subfield>
    <subfield code="c">2006</subfield>
  </datafield>
  <datafield tag="300" ind1=" " ind2=" ">
    <subfield code="a">174 p&#xE1;ginas :</subfield>
    <subfield code="b">ilustraciones ;</subfield>
    <subfield code="c">22 cm</subfield>
  </datafield>
  <datafield tag="490" ind1=" " ind2=" ">
    <subfield code="a">Cronica del siglo XX</subfield>
  </datafield>
  <datafield tag="500" ind1=" " ind2=" ">
    <subfield code="a">"Consejo Superior de Investigaciones Cient&#xED;ficas (Madrid, Espa&#xF1;a)."</subfield>
  </datafield>
  <datafield tag="504" ind1=" " ind2=" ">
    <subfield code="a">Incluye referencias bibliogr&#xE1;ficas (p&#xE1;ginas: 163-174) e &#xED;ndice</subfield>
  </datafield>
  <datafield tag="505" ind1="0" ind2=" ">
    <subfield code="a">Introducci&#xF3;n. Cinco oleadas de violencia terrorista |
Cap&#xED;tulo 1. Definici&#xF3;n e interpretaciones del terrorismo pol&#xED;tico |
Cap&#xED;tulo 2. El terrorismo en el &#xFA;ltimo cuarto del siglo XIX: populismo, nihilismo y anarquismo |
Cap&#xED;tulo 3. El terror totalitario en la Europa de entreguerras |
Cap&#xED;tulo 4. Terrorismo y liberaci&#xF3;n nacional en el tercer mundo |
Cap&#xED;tulo 5. El terrorismo revolucionario y contrarrevolucionario en las sociedades avanzadas |
Cap&#xED;tulo 6. El terrorismo &#xE9;tnico-nacionalista |
Cap&#xED;tulo 7. Del terrorismo internacional al terrorismo global |
Ep&#xED;logo. &#xBF;Qu&#xE9; tipo de violencia terrorista para el futuro? |
Lista de siglas |
Bibliograf&#xED;a
</subfield>
  </datafield>
  <datafield tag="520" ind1="3" ind2=" ">
    <subfield code="a">El terrorismo tuvo su origen en el siglo XIX pero fue en el siglo pasado en el que se convirtio en un fenomeno de dimensiones mundiales. Este libro constituye a la vez una revisi&#xF3;n de las explicaciones que se han formulado del fen&#xF3;meno terrorista desde el &#xE1;mbito de las ciencias sociales, un recorrido sobre las diferentes oleadas de terror que se han producido, prestando la atenci&#xF3;n debida a las circunstancias hist&#xF3;ricas que determinaron su aparici&#xF3;n, y tambi&#xE9;n un estudio de otra vertiente fundamental para entender la complejidad del terrorismo, el terrorismo de estado.</subfield>
  </datafield>
  <datafield tag="650" ind1=" " ind2="7">
    <subfield code="2">lemb</subfield>
    <subfield code="a">Terrorismo</subfield>
    <subfield code="x">Historia</subfield>
    <subfield code="y">Siglo XX</subfield>
    <subfield code="9">204894</subfield>
  </datafield>
  <datafield tag="700" ind1="1" ind2=" ">
    <subfield code="a">G&#xF3;mez, Rebeca</subfield>
    <subfield code="e">direcci&#xF3;n editorial</subfield>
    <subfield code="9">204895</subfield>
  </datafield>
  <datafield tag="700" ind1="1" ind2=" ">
    <subfield code="a">Fern&#xE1;ndez, Jos&#xE9; Mar&#xED;a</subfield>
    <subfield code="e">editor</subfield>
    <subfield code="9">204896</subfield>
  </datafield>
  <datafield tag="710" ind1="2" ind2=" ">
    <subfield code="a">Consejo Superior de Investigaciones Cient&#xED;ficas (Espa&#xF1;a)</subfield>
    <subfield code="9">204897</subfield>
  </datafield>
  <datafield tag="942" ind1=" " ind2=" ">
    <subfield code="2">ddc</subfield>
    <subfield code="c">BK</subfield>
  </datafield>
  <datafield tag="999" ind1=" " ind2=" ">
    <subfield code="c">114641</subfield>
    <subfield code="d">114641</subfield>
  </datafield>
  <datafield tag="952" ind1=" " ind2=" ">
    <subfield code="0">0</subfield>
    <subfield code="1">0</subfield>
    <subfield code="2">ddc</subfield>
    <subfield code="7">0</subfield>
    <subfield code="8">GEN</subfield>
    <subfield code="a">Principal</subfield>
    <subfield code="d">2026-03-12</subfield>
    <subfield code="l">0</subfield>
    <subfield code="o">303.625 G643f</subfield>
    <subfield code="p">260240</subfield>
    <subfield code="r">2026-05-12 14:54:54</subfield>
    <subfield code="t">Ej. 1</subfield>
    <subfield code="w">2026-05-12</subfield>
    <subfield code="y">BK</subfield>
  </datafield>
</record>
